Central Library OPAC University of Rajshahi

বঙ্গবন্ধু ও বাংলাদেশ : (Record no. 77016)

MARC details
000 -LEADER
fixed length control field 00975nam a22002417a 4500
001 - CONTROL NUMBER
control field 77016
003 - CONTROL NUMBER IDENTIFIER
rucl marc code BD-RjUL
005 - DATE AND TIME OF LATEST TRANSACTION
control field 20211219152533.0
008 - FIXED-LENGTH DATA ELEMENTS--GENERAL INFORMATION
fixed length control field 200213s2020 bg ||||| |||| 00| 0 ben d
020 ## - INTERNATIONAL STANDARD BOOK NUMBER
International Standard Book Number 9789842102929
035 ## - SYSTEM CONTROL NUMBER
System control number (BD-RjUL)77016
040 ## - CATALOGING SOURCE
Original cataloging agency BD-RjUL
Language of cataloging eng
Transcribing agency BD-RjUL
041 ## - LANGUAGE CODE
Language code of text/sound track or separate title eng
082 ## - DEWEY DECIMAL CLASSIFICATION NUMBER
Edition number 23
Classification number 954.92050924
Author mark and year KAB 2020
100 ## - MAIN ENTRY--PERSONAL NAME
Personal name করিম, রেজাউল
9 (RLIN) 239354
245 ## - TITLE STATEMENT
Title বঙ্গবন্ধু ও বাংলাদেশ :
Remainder of title অভিন্ন সত্তা /
Statement of responsibility, etc. রেজাউল করিম
260 ## - PUBLICATION, DISTRIBUTION, ETC. (IMPRINT)
Place of publication, distribution, etc. ঢাকা :
Name of publisher, distributor, etc. গ্রন্থকুটির,
Date of publication, distribution, etc. ২০২০
300 ## - PHYSICAL DESCRIPTION
Pagination ৪৮৮ পৃ. :
Illustrations চিত্র ;
Size ২২ সেমি.
504 ## - BIBLIOGRAPHY, ETC. NOTE
Bibliography, etc বিবলিওগ্রাফি অন্তর্ভূক্ত।
600 ## - SUBJECT ADDED ENTRY--PERSONAL NAME
Personal name Mujibur Rahman,
Titles and other words associated with a name Shaikh,
Dates associated with a name 1920-1975.
Personal name মুজিবুর রহমান,
Titles and other words associated with a name শেখ,
Dates associated with a name ১৯২০-১৯৭৫
942 ## - ADDED ENTRY ELEMENTS (KOHA)
Source of classification or shelving scheme Dewey Decimal Classification
Koha item type Books
Holdings
Lost status Source of classification or shelving scheme Damaged status Not for loan Permanent Location Current Location Shelving location Date acquired Source of acquisition Cost, normal purchase price Total Checkouts Full call number Date last seen Copy number Koha item type Date checked out
  Dewey Decimal Classification   Not For Loan Central Library, University of Rajshahi Central Library, University of Rajshahi Reading Room 06/02/2020 Vidyasagar, Rajshahi 500.00   B 954.92050924 KAB 2020 13/02/2020 C-1 Books  
  Dewey Decimal Classification     Central Library, University of Rajshahi Central Library, University of Rajshahi   06/02/2020 Vidyasagar, Rajshahi 500.00 1 B 954.92050924 KAB 2020 08/03/2020 C-2 Books 02/03/2020
  Dewey Decimal Classification     Central Library, University of Rajshahi Central Library, University of Rajshahi General Stacks 09/12/2021 Rajshahi News Home 375.00   B 954.92050924 KAB 2020 19/12/2021 C-3 Books  
  Dewey Decimal Classification     Central Library, University of Rajshahi Central Library, University of Rajshahi General Stacks 09/12/2021 Rajshahi News Home 375.00   B 954.92050924 KAB 2020 19/12/2021 C-4 Books